Southville International School and Colleges
Your cart is empty.
  • Cart
  • Lists
    Public lists Eva Luna New books Lux_list list_1
    Your lists Log in to create your own lists
  • Log in to your account
  • Your cookies
  • Search history
Southville International School and Colleges
  • Advanced search
  • Recent comments
  • Most popular
  • Libraries

Log in to your account

Log in with GOOGLE


If you do not have an external account, but do have a local account, you can still log in:

  1. Home
  2. MARC view: Digital image editing & special effects :
Normal view MARC view ISBD view

Digital image editing & special effects : (Record no. 117490)

[ view plain ]
MARC details
000 -LEADER
fixed length control field 00642nam a2200181Ia 4500
005 - DATE AND TIME OF LATEST TRANSACTION
control field 20140528103808.0
008 - FIXED-LENGTH DATA ELEMENTS--GENERAL INFORMATION
fixed length control field 140527s9999 xx 000 0 und d
020 ## - INTERNATIONAL STANDARD BOOK NUMBER
International Standard Book Number 9781781579954
050 ## - LIBRARY OF CONGRESS CALL NUMBER
Classification number TR 267
Item number .F855 2013
100 ## - MAIN ENTRY--PERSONAL NAME
Personal name Freeman, Michael.
245 ## - TITLE STATEMENT
Title Digital image editing & special effects :
Remainder of title master the key techniques of photoshop & lightroom /
Statement of responsibility, etc Michael Freeman
260 ## - PUBLICATION, DISTRIBUTION, ETC. (IMPRINT)
Place of publication, distribution, etc East Sussex, UK :
Name of publisher, distributor, etc The ILEX Press Limited,
Date of publication, distribution, etc c2013.
300 ## - PHYSICAL DESCRIPTION
Extent 160 p. ;
Other physical details col. ill. ;
Dimensions 21 cm.
500 ## - GENERAL NOTE
General note Includes glossary and index.
650 ## - SUBJECT ADDED ENTRY--TOPICAL TERM
Topical term or geographic name as entry element Photography
General subdivision Digital techniques -- Computer programs.
942 ## - ADDED ENTRY ELEMENTS (KOHA)
Koha item type Books
Source of classification or shelving scheme Library of Congress Classification
Holdings
Withdrawn status Lost status Source of classification or shelving scheme Damaged status Home library Current library Shelving location Date acquired Source of acquisition Cost, normal purchase price Total Checkouts Full call number Barcode Date last seen Price effective from Koha item type
    Library of Congress Classification   College Library College Library General Circulation Section 05/28/2014 Donation 838.00   TR 267 .F855 2013 C18098 05/15/2018 05/28/2014 Books

Digital image editing & special effects :

APA

Freeman M., . (2013). Digital image editing & special effects. East Sussex, UK: The ILEX Press Limited.

Chicago

Freeman Michael, . 2013. Digital image editing & special effects. East Sussex, UK: The ILEX Press Limited.

Harvard

Freeman M., . (2013). Digital image editing & special effects. East Sussex, UK: The ILEX Press Limited.

MLA

Freeman Michael, . Digital image editing & special effects. East Sussex, UK: The ILEX Press Limited. 2013.

  • Place hold
  • Print
  • Cite
  • Add to your cart (remove)
  • Save record
    BIBTEX Dublin Core MARCXML MARC (non-Unicode/MARC-8) MARC (Unicode/UTF-8) MARC (Unicode/UTF-8, Standard) MODS (XML) RIS
  • More searches
    Search for this title in:
    Other Libraries (WorldCat) Other Databases (Google Scholar) Online Stores (Bookfinder.com) Open Library (openlibrary.org)

Exporting to Dublin Core...

SOUTHVILLE LIBRARY

Southville International School and Colleges Library

1281 Tropical Ave. Cor. Luxembourg St., BF Homes International, Las Pinas City

Tel. No. 8256374 / 252358 Loc. 117/146

Powered by Koha